Planteamientos del FSLN ante la situación económica actual y las políticas del gobierno / Asamblea Sandinista
Gorde:
| Erakunde egilea: | |
|---|---|
| Formatua: | Texto |
| Hizkuntza: | Spanish |
| Gaiak: | |
| Etiketak: |
Etiketa erantsi
Etiketarik gabe, Izan zaitez lehena erregistro honi etiketa jartzen!
|
MARC
| LEADER | 00000 a a2200000 04500 | ||
|---|---|---|---|
| 001 | 37348 | ||
| 003 | cru CIDCACS/IIS | ||
| 005 | 20210121131341.0 | ||
| 008 | 200925b ||||| |||| 00| 0 spa d | ||
| 999 | |c 13138 |d 13138 | ||
| 040 | |c cru CIDCACS/IIS | ||
| 110 | 2 | |9 9788 |a Frente Sandinista de Liberación Nacional (Nicaragua) | |
| 245 | 1 | |a Planteamientos del FSLN ante la situación económica actual y las políticas del gobierno / |b Asamblea Sandinista | |
| 300 | |a páginas 47-55 | ||
| 650 | |a EMPLEO | ||
| 650 | |a CRECIMIENTO ECONOMICO | ||
| 650 | |a POLTICA | ||
| 942 | |2 ddc |c PP | ||
| 773 | 0 | |0 43399 |9 4898 |a Instituto para el Desarrollo de la Democracia (Nicaragua) |d Managua, Nicaragua: Instituto para el Desarrollo de la Democracia, 1990- |o 04293 |t La Avispa: | |
